000 00557nam a22001697a 4500
003 BD-ChCU
005 20251204101001.0
008 251204b bg ||||| |||| 00| 0 ben d
040 _cBD-ChCU
082 _aREF616.0252 STA
245 _aStandard first aid and personel safety/
_cAmerican red cross for the instruction of first aid classes
260 _aNew york:
_bARC pub.
_c...?
300 _a269p.
650 0 _aFirst aid
_917474
700 _aAmerican red cross for the instruction of first aid classes
_eCorporate Author
_917465
942 _2ddc
_cBK
_n0
999 _c110123
_d110123